000 00620nam a2200229Ia 4500
005 20250508164627.0
008 008 250505s9999 xx 000 0 hin d
020 _a1-4166-0404-9
037 _aTextual
040 _aFEDL
_beng
_cFEDL
041 _ahin
_2eng
084 _a509.2, MUL
_qFEDL
100 _aMuley Gunakar
_9398672
245 0 _aMahan vaigyanik
260 _aNew Delhi, India
_bRajkamal Prakashan Pvt. Ltd.
_c1992
300 _a103p.
365 _aINR
_b35
546 _aMACESE
650 _aBiography - Scientists
_9778660
942 _cTEXL
_h509.2, MUL
999 _c1390213
_d1390213